[Event "Finalturnier U14"]
[Site "TOSHIBA"]
[Date "2008.07.06"]
[Round "7"]
[White "Rindlisbacher, Jan"]
[Black "Muheim, Sébastien"]
[Result "1/2-1/2"]
[WhiteElo "200"]
[BlackElo "2014"]
[Annotator ",Inock"]
[PlyCount "76"]
[TimeControl "180"]

{400MB, Fritz8.ctg} 1. d4 f5 2. c4 Nf6 3. Nf3 g6 4. g3 Bg7 5. Bg2 O-O 6. O-O d6
7. Qb3 c6 8. Nc3 Qe8 9. c5+ d5 10. Ne5 Nfd7 11. f4 Nxe5 12. fxe5 Kh8 13. Bd2
Na6 14. Qc2 Nc7 15. b4 h6 16. Rfb1 g5 17. e3 f4 18. Rf1 Ne6 19. gxf4 gxf4 20.
Ne2 fxe3 21. Bxe3 Ng5 22. Rxf8+ Bxf8 23. Nf4 Qf7 24. Ng6+ Kg8 25. Nxf8 Bf5 26.
Qd2 Rxf8 27. h4 Ne4 28. Bxe4 Bxe4 29. Bxh6 Kh7 30. Bxf8 Qxf8 31. Kh2 Qf3 32.
Rg1 e6 33. Qg2 Qf4+ 34. Qg3 Qd2+ 35. Rg2 Bxg2 36. Qxg2 Qxd4 37. Qg5 Qf2+ 38.
Kh3 Qf3+ 1/2-1/2

[Event "Finalturnier U14"]
[Site "TOSHIBA"]
[Date "2008.07.06"]
[Round "7"]
[White "Lienhard, Alex"]
[Black "Stoeri, Simon"]
[Result "1-0"]
[WhiteElo "2011"]
[BlackElo "1990"]
[Annotator ",Inock"]
[PlyCount "45"]
[TimeControl "180"]

{400MB, Fritz8.ctg} 1. e4 e5 2. Nf3 Nc6 3. d4 exd4 4. Bc4 Nf6 5. e5 d5 6. Bb5
Ne4 7. Nxd4 Bd7 8. Bxc6 bxc6 9. O-O Bc5 10. f3 Ng5 11. f4 Ne4 12. Nc3 Nxc3 13.
bxc3 Bb6 14. Be3 Rb8 15. f5 Qe7 16. e6 Bc8 17. Qg4 f6 18. a4 a6 19. Qh5+ Kf8
20. Bc1 Bc5 21. Kh1 Bb7 22. Rb1 Ba7 23. Rxb7 1-0

[Event "Finalturnier U14"]
[Site "TOSHIBA"]
[Date "2008.07.06"]
[Round "7"]
[White "Hasenohr, Benedict"]
[Black "Gähwiler, Gabriel"]
[Result "1-0"]
[WhiteElo "2005"]
[BlackElo "2176"]
[Annotator ",Inock"]
[PlyCount "65"]
[TimeControl "180"]

{400MB, Fritz8.ctg} 1. d4 d5 2. c4 e6 3. Nc3 Nf6 4. Bg5 Nbd7 5. cxd5 exd5 6.
Nf3 Be7 7. e3 O-O 8. Bd3 Re8 9. O-O c6 10. a3 Ne4 11. Bxe7 Qxe7 12. Qc2 f5 13.
b4 a6 14. Rab1 g5 15. Nd2 Ndf6 16. Ndxe4 fxe4 17. Be2 Qd6 18. Qd1 h5 19. Bxh5
Re7 20. f4 g4 21. Bg6 g3 22. f5 gxh2+ 23. Kh1 Qg3 24. Qe1 Qg5 25. g3 Kg7 26.
Rb2 Bd7 27. Nd1 Ng4 28. Rf4 Rf8 29. Nf2 Nxf2+ 30. Rfxf2 Kf6 31. Rxh2 Kg7 32.
Rh7+ Kf6 33. Rh5 1-0